LDR 00827naa#a2200193#i#450# 001 EN\\bibl\19924 005 20260702025308.4 100 ## _a20260630b2026####ek#y0engy0150####ca 102 ## _aRU 200 1# _aDEVELOPMENT AND APPLICATION OF MICROSERVICE ARCHITECTURE IN CORPORATE SYSTEMS _eConference article/thesis 210 1# _aVoronezh _cFSBE Institution of Higher Education Voronezh State University of Forestry and Technologies named after G.F. Morozov _d2026 215 ## _a7 с. 608 ## _aConference article/thesis _2local 675 ## _aИнформационные технологии. Компьютерные технологии. Теория вычислительных машин и систем. 004 _z 700 #1 _aBuzdin _gV. E. 700 #1 _aBhuya _gM. 700 #1 _aRein _gYu. 700 #1 _aShova _gR. Sh. 856 4# _abibl.vgltu.ru _u